| 000 | 01282cam a22003617a 4500 | ||
|---|---|---|---|
| 003 | CHAP | ||
| 005 | 20220329141101.0 | ||
| 008 | 971013d1995 mx a r 00010 spa d | ||
| 010 | _a62350 | ||
| 011 | _a63322 | ||
| 020 | _a9686923497 | ||
| 035 | _a67498 | ||
| 040 | _cCHAP | ||
| 082 |
_a633.11 _bG5 |
||
| 100 | 0 | 0 |
_aGilchrist Saavedra, Lucy Isabella _eed. _947982 |
| 245 | 1 | 0 |
_aProceedings of a Septoria tritici workshop _b/by Lucy Gilchrist S. (and others) |
| 260 |
_aMéxico, D. F. : _bCentro Internacional de Maíz y Trigo, _c1995. |
||
| 300 |
_a157 p. : _bilus. ; gráfs. |
||
| 590 |
_aBATCH-UPD _b10 _c20130110 _lUCH01 _h0004 |
||
| 590 |
_aBATCH-UPD _b10 _c20130110 _lUCH01 _h0313 |
||
| 590 |
_aBATCH-UPD _b10 _c20130110 _lUCH01 _h1834 |
||
| 590 |
_aBATCH-UPD _b10 _c20130409 _lUCH01 _h1940 |
||
| 590 |
_aBATCH-UPD _b10 _c20130914 _lUCH01 _h1542 |
||
| 590 |
_aCONVERSION _b10 _c20130109 _lUCH01 _h1333 |
||
| 650 | 1 | 4 |
_aMancha café de la hoja del trigo. _970298 |
| 650 | 1 | 4 |
_aSeptoria tritici. _9104503 |
| 650 | 1 | 4 |
_aTrigo _xEnfermedades. _9115017 |
| 901 | _aBK | ||
| 905 | _aAlejandra Carrasco M. | ||
| 942 | _cLIBRO | ||
| 949 |
_a633.11 G5 _bBC _cLIBRO _d33724000632626 _eLIBRO _h91333 _i67498 _mD _si |
||
| 949 |
_a633.11 G5 _bBC _cLIBRO _d33724000715827 _eLIBRO _fc.2 _h94759 _i67498 _mD _sb |
||
| 999 |
_c62350 _d62350 |
||